000 02704cam a22004814i 4500
003 PE-LiUPU
005 20250731173347.0
008 150706s2009 miu r 000 0 eng d
020 _a9780802831262
035 _a(Sirsi) i9780802831262
040 _aPE-LiUPU
_bspa
_cPE-LiUPU
_erda
049 _aPRUA
082 0 4 _a227.06
_bC22
_221
100 1 _aCampbell, Douglas A.,
_eautor.
245 1 4 _aThe deliverance of God :
_ban apocalyptic rereading of justification in Paul /
_cDouglas A. Campbell.
264 1 _aGrand Rapids, Mich. :
_bW.B. Eerdmans Pub. Co.,
_c2009.
300 _a1218 páginas ;
_c24 centímetros2009
336 _atext
_2rdacontent
337 _aunmediated
_2rdamedia
338 _avolume
_2rdacarrier
504 _aNotas bibliográficas 937-1188.
505 0 _aJustification Theory, and Its Implications -- The Heart of the Matter: The justification Theory of Salvation -- Intrinsic Difficulties -- Systematic Difficulties -- The Question of Judaism -- The Question of Conversion -- Beyond Old and New Perspectives -- Some Hermeneutical Clarifications -- The Recognition of a Discourse -- Distortions - The Church-Historical Pedigree -- Dangers-The Modern European Pedigree -- Part Three - The Conventional Reading, and Its Problems -- Feet of Clay -- Wide and Narrow Paths -- A Rhetorical and Apocalyptic Rereading -- Rereading the Frame -- Rereading Romans 1:18-3:20 - Indictment Reconsidered -- Faith and Syntax in 1:16-17 and 3:21-26 -- Atonement and "Justification" in 3:21-26 -- The Deliverance of God, and Its Rhetorical Implications -- Rereading Romans 3:27-4:25 - Our Forefather Reconsidered -- Rereading the Heartland -- Rereading the Rest of Romans -- Rereading the Heartland - Galatians -- Rereading the Heartland - Philippians and Beyond.
526 _aSEG42
526 _aSEG41
526 _aSEG40
526 _aSEG39
526 _aP94
526 _aP87
526 _aP86
526 _aP85
526 _aP77
526 _aP76
526 _aP35
541 _g800-253-7521;
630 0 4 _aBiblia.
_pN.T.
_pEpístolas de Pablo
_xTeología.
650 1 4 _aJustificación (Teología cristiana)
_xEnseñanza bíblica.
910 _agl
_bjv
_clch
_d20100107
942 _2ddc
_cBOOK
949 _a227.06 C22
_wDEWEY
_c1
_i60884
_lCCODEBUL1
_mBUL
_p60.00
_r0
_sY
_tBOOK
_u2015-7-6
_xTEOLOGIA
_zUNKNOWN
_0COMPRA
_o.STAFF. Colección Teología
994 _aC0
_bPEPRU
596 _a1
999 _a227.06 C22
_wDEWEY
_c50244
_i60884
_d50244
_e2018-10-23
_f2021-11-9
_g5
_lCCODEBUL1
_mBUL
_n2
_p60.00
_q1
_r0
_sY
_tBOOK
_u2015-7-6
_xTEOLOGIA
_PP35
_0COMPRA
_o.STAFF. Colección Teología
980 _81
_gALBERTO SANCHEZ Responsable de Automatización